| 000 | 00385nam a2200145Ia 4500 | ||
|---|---|---|---|
| 008 | 230917s9999||||xx |||||||||||||| ||und|| | ||
| 040 |
_e42071 _aMAIN |
||
| 041 | _aEnglish | ||
| 082 | _a973.917 R677R | ||
| 100 | _aRoosevelt, Elliott | ||
| 245 | 2 | _aA rendezvous with desting: the Roosevelts of the White House | |
| 260 |
_aLondon _bWH Allen _c1977 |
||
| 300 | _a446 p. | ||
| 942 | _cBK | ||
| 999 |
_c224199 _d224199 |
||